Länder und Sprachen Quiz - Statistiken

Allgemein
  • Dieses Quiz wurde 11.314 mal gespielt
  • Das Durchschnittsergebnis liegt bei 17 aus 30
Antwortstatistiken
Sprache Land % Korrekt
Englisch Vereinigte Staaten
96%
Portugiesisch Brasilien
89%
Französisch Frankreich
88%
Niederländisch Niederlande
88%
Dänisch Dänemark
85%
Rumänisch Rumänien
85%
Hindi Indien
84%
Spanisch Mexiko
84%
Mandarin China
83%
Hebräisch Israel
77%
Katalanisch Spanien
70%
Kurdisch Türkei
69%
Persisch Iran
68%
Afrikaans Südafrika
65%
Arabisch Ägypten
56%
Baskisch Spanien
50%
Bengali Bangladesch
49%
Javanisch Indonesien
46%
Māori Neuseeland
45%
Kantonesisch China
44%
Punjabi Pakistan
44%
Rätoromanisch Schweiz
43%
Zulu Südafrika
36%
Tamil Indien
33%
Khmer Kambodscha
27%
Tatarisch Russland
25%
Paschtunisch Pakistan
22%
Tagalog Philippinen
22%
Igbo Nigeria
19%
Singhalesisch Sri Lanka
17%
Keine übereinstimmenden Quizze gefunden
Verteilung der Resultate
Anzahl Personen mit jedem Resultat
Perzentil nach korrekt beantworteten Fragen
Ihre Resultats-Entwicklung
Sie haben dieses Quiz noch nicht gespielt